ロード中...

Awaken to superconsciousness: How to use meditation for inner pease, intutive guidance, and awareness /

書誌詳細
その他の著者: Walters,, J.Donald
フォーマット: Printed Book
言語:English
出版事項: Delhi: Motilal Banarasidass, 2000.
版:2nd Rev. ed.
主題:
LEADER 00807cam a2200241ua 4500
008 060815t2000||||||||||| 001 ||eng c
020 |a 81-208-1749-4 
041 0 |a eng 
082 |a 158.12  |b  WAL/A 
245 1 2 |a Awaken to superconsciousness: How to use meditation for inner pease, intutive guidance, and awareness /  
250 |a 2nd Rev. ed. 
260 |a Delhi:  |b Motilal Banarasidass,  |c 2000. 
300 |a 262p.. 
362 1 |a 2000. 
365 |a Rs.195/-  |e pb 
500 |a Includes references and index. 
504 |a . 
650 |a Personal improvement 
650 0 |a Applied Psychology 
700 0 2 |a Walters,, J.Donald 
942 |c BK 
999 |c 10614  |d 10614 
952 |0 0  |1 0  |4 0  |6 158_120000000000000_WAL  |7 0  |9 11072  |a KUCL  |b KUCL  |d 2014-05-23  |l 6  |m 2  |o 158.12 WAL/  |p 12483  |r 2018-10-20  |s 2018-09-29  |w 2014-05-23  |y BK